Nincs királyi út Matematikatörténet
Salvato in:
| Autore principale: | |
|---|---|
| Natura: | Libro |
| Lingua: | ungherese |
| Pubblicazione: |
Budapest
Gondolat
1986
|
| Edizione: | 1. kiadás. |
| Tags: |
Nessun Tag, puoi essere il primo ad aggiungerne!!
|
MARC
| LEADER | 00000nam a2200000 4500 | ||
|---|---|---|---|
| 001 | c039060 | ||
| 005 | 20221207072401.0 | ||
| 041 | 0 | |a hun | |
| 044 | |a HU | ||
| 245 | 1 | 0 | |a Nincs királyi út |b Matematikatörténet |c Márton Sain |
| 250 | |a 1. kiadás. | ||
| 264 | 1 | |a Budapest |b Gondolat |c 1986 | |
| 300 | |a 831 s. | ||
| 100 | 1 | |a Sain, Márton | |